Celebrity Siblings Quiz Stats

 Plays Quiz Updated Oct 8, 2013

Support Sporcle.
Go Orange.
Score 0/30 Timer 05:00
0 Plays Today
% Correct
Alec Baldwin
94.2%
Ashley Olsen
84.5%
Mary-Kate Olsen
83.2%
Ben Affleck
81.6%
Zooey Deschanel
79.5%
John Cusack
78.4%
Eli Manning
74.9%
Peyton Manning
74.3%
Joan Cusack
71.9%
River Phoenix
69.5%
Liam Hemsworth
68.1%
Chris Hemsworth
67.5%
Casey Affleck
67%
Joe Jonas
66.3%
Stephen Baldwin
64.3%
% Correct
David Arquette
63.2%
Joaquin Phoenix
62.8%
Dick Van Dyke
61.9%
Nick Jonas
60.7%
Jason Bateman
60.6%
Billy Baldwin
58.5%
Patricia Arquette
56.1%
Emily Deschanel
49.2%
Justine Bateman
38.9%
Kevin Jonas
37.6%
Vanessa Redgrave
35.5%
Rosanna Arquette
33.9%
Jerry Van Dyke
33.4%
Daniel Baldwin
32.3%
Lynn Redgrave
27.2%

You're not logged in!

Compare scores with friends on all Sporcle quizzes.
OR
Log In
Forgot?

From the Vault

Badly Drawn Country Outlines

by NarwhalNukeYT

Can't tell if these are countries or just random blobs.
Remove Ads.
Support Sporcle.
Get the best of Sporcle when you Go Orange. This ad-free experience offers more features, more stats, and more fun while also helping to support Sporcle. Thank you for becoming a member.

Show Comments

Extras

Top Quizzes Today


Score Distribution

Your Account Isn't Verified!

In order to create a playlist on Sporcle, you need to verify the email address you used during registration. Go to your Sporcle Settings to finish the process.

Report this User

Report this user for behavior that violates our Community Guidelines.

Details: